ბათუმის შოთა რუსთაველის სახელმწიფო უნივერსიტეტის ბიბლიოთეკა

How the World Really Works: (ბიბ.ჩანაწერი № 62690)

000 -LEADER
fixed length control field 00501nam a22001577a 4500
005 - DATE AND TIME OF LATEST TRANSACTION
control field 20250123152153.0
008 - FIXED-LENGTH DATA ELEMENTS--GENERAL INFORMATION
fixed length control field 250123s2022 enk||||| |||| 00| 0 eng d
020 ## - INTERNATIONAL STANDARD BOOK NUMBER
International Standard Book Number 9780241989678x
041 ## - LANGUAGE CODE
Language code of text/sound track or separate title eng
080 ## - UNIVERSAL DECIMAL CLASSIFICATION NUMBER
Universal Decimal Classification number 330.342 : 316.422.44 S-68
100 ## - MAIN ENTRY--PERSONAL NAME
Personal name Smil, Vaclav
9 (RLIN) 24098
245 ## - TITLE STATEMENT
Title How the World Really Works:
Remainder of title A Scientist’s Guide to Our Past, Present and Future
Statement of responsibility, etc. Vaclav Smil.
264 ## - PRODUCTION, PUBLICATION, DISTRIBUTION, MANUFACTURE, AND COPYRIGHT NOTICE
Place of production, publication, distribution, manufacture New York :
Name of producer, publisher, distributor, manufacturer Penguin Books,
Date of production, publication, distribution, manufacture, or copyright notice 2022.
300 ## - PHYSICAL DESCRIPTION
Extent 326 p.;
Other physical details 20 cm.
942 ## - ADDED ENTRY ELEMENTS (KOHA)
Source of classification or shelving scheme
Koha item type წიგნი
ეგზემპლარები
Withdrawn status Lost status Source of classification or shelving scheme Damaged status Not for loan Permanent Location Current Location Shelving location Date acquired Cost, normal purchase price Full call number Barcode Date last seen Copy number Price effective from Koha item type Public note
          ბათუმის შოთა რუსთაველის სახელმწიფო უნივერსიტეტის მთავარი ბიბლიოთეკა ბათუმის შოთა რუსთაველის სახელმწიფო უნივერსიტეტის მთავარი ბიბლიოთეკა წიგნსაცავი 2025-01-23 41.00 330.342 : 316.422.44 S-68 70379 2025-01-23 70379 2025-01-23 წიგნი 41 ლ.